Boise Basques: dreamers and doers
Na minha lista:
| Autor principal: | |
|---|---|
| Formato: | Livro |
| Idioma: | inglês |
| Publicado em: |
San Sebastián
Eusko Jaurlaritza
2002
|
| Colecção: | Colección Urazandi Bilduma, 3
|
| Assuntos: | |
| Tags: |
Adicionar Tag
Sem tags, seja o primeiro a adicionar uma tag!
|
MARC
| LEADER | 00000nam a2200000 a 4500 | ||
|---|---|---|---|
| 001 | UCL5864 | ||
| 003 | CL-VaPUC | ||
| 008 | 040319e20020000sp |||||||||||||||||eng|d | ||
| 020 | |a 844571919X | ||
| 082 | 0 | 4 | |a 303.482 |b TOT |2 21 |
| 100 | 0 | |a Totoricagüena Egurrola, Gloria |e author |9 483578 | |
| 245 | 1 | 0 | |a Boise Basques: dreamers and doers |
| 300 | |a 275 p | ||
| 942 | |c BK | ||
| 945 | |d 20040319 00:00:00 |a cmena | ||
| 260 | |a San Sebastián |b Eusko Jaurlaritza |c 2002 | ||
| 600 | 0 | 7 | |a COMUNIDAD VASCA |2 CL-VaPUC |9 483579 |
| 650 | 0 | |a Influencia social |9 309315 | |
| 650 | 0 | |a Emigración |9 343094 | |
| 650 | 0 | |a Cambio social |9 256857 | |
| 650 | 0 | |a Costumbres y tradiciones |9 268292 | |
| 650 | 0 | |a Desarrollo económico y social |9 256320 | |
| 583 | |a last modification |c 20150507 04:10:18 |k Rodrigo Vera | ||
| 490 | 0 | |a Colección Urazandi Bilduma, 3 | |
| 999 | |c 308244 |d 308242 | ||
| 952 | |0 0 |1 0 |4 0 |6 303_482000000000000_TOT_2002 |7 0 |8 A |9 374588 |a BIBHIS |b BIBHIS |d 2019-11-21 |i 3987957 |o 303.482 TOT 2002 |p 3987957 |r 2025-01-20 |w 2019-11-21 |y BK |k HIS | ||